| 000 | 00499nam a2200169Ia 4500 | ||
|---|---|---|---|
| 999 |
_c34960 _d34960 |
||
| 003 | OSt | ||
| 005 | 20200612114342.0 | ||
| 008 | 190216s9999||||xx |||||||||||||| ||und|| | ||
| 020 | _a9788183220149 | ||
| 040 | _coclc | ||
| 082 |
_a153.69 _bALL/D |
||
| 100 |
_aAllan _92829 |
||
| 245 | 4 |
_aThe Definitive Book Of Body Language / _cAllan ; Barbara Pease |
|
| 260 |
_bManjul Publishing House, _c2004. _aBhopal: |
||
| 300 | _a386p | ||
| 942 |
_cBK _2ddc _h153.69 _iALA/D _k153.69 _mALA/D |
||